| 000 | 00464nam a2200181Ia 4500 | ||
|---|---|---|---|
| 008 | 230725s1986 xx 000 0 und d | ||
| 041 | _aeng | ||
| 082 |
_a615.321 _bWIL/MER |
||
| 100 | _aWILLARD H. H., MERRITT L. L. | ||
| 245 | _aINSTRUMENTAL METHODS OF ANALYSIS | ||
| 250 | _a7TH | ||
| 260 |
_bCBS PUBLISHERS & DISTRIBUTORS _c1986 |
||
| 300 | _a895 | ||
| 365 | _h20% | ||
| 500 | _aTEXT BOOK | ||
| 501 | _aIMA | ||
| 650 | _aINSTRUMENTAL METHODS OF ANALYSIS | ||
| 999 |
_c768982 _d768982 |
||